Statistiken für Europäische Hauptstädte nach Wappen # 2

Klicken Sie hier um das Quiz zu spielen!

Allgemein

  • Dieses Quiz wurde 67 mal gespielt
  • Das Durchschnittsergebnis liegt bei 11 aus 15

Antwortstatistiken

Antwort% Korrekt
London
97%
Bern
87%
Kopenhagen
87%
Stockholm
81%
Bukarest
79%
Moskau
78%
Prag
78%
Luxemburg
76%
Sofia
71%
Vatikanstadt
71%
Zagreb
68%
Minsk
60%
Monaco
60%
Sarajevo
54%
Tirana
48%

Verteilung der Resultate

Perzentil nach korrekt beantworteten Fragen

Anzahl Personen mit jedem Resultat

Ihre Resultats-Entwicklung

Sie haben dieses Quiz noch nicht gespielt